000 nam a22 7a 4500
999 _c10363
_d10363
008 180215b ||||| |||| 00| 0 eng d
100 _aKumar, P
_9437
245 _aLearnwell Computer -III
260 _aNew Delhi
_bHoly Faith Publication
_c2012